=LDR 00000nam 2200000 4500 =001 INLIS000000000008306 =005 20130612100211 =008 ***********************************Ind** =035 ##$$0010-061300000008306 =041 ##$$a Ind =082 ##$$a 155.5 =090 ##$$a 155.5, Eli c =100 ##$$a Elias, Maurice J =245 ##$$a Cara-cara efektif mengasah EQ remaja, mengash dengan cinta, canda dan displin, Maurice J. Elias =260 ##$$a 2002 $b Bandung =300 ##$$a 316 hlm, 24 cm